| 000 | 00372nam a2200157Ia 4500 | ||
|---|---|---|---|
| 008 | 230917s9999||||xx |||||||||||||| ||und|| | ||
| 040 |
_e96001 _aMAIN |
||
| 041 | _aEnglish | ||
| 082 | _a342 U1A | ||
| 100 | _aUpadhyaya, J J R | ||
| 245 | 0 | _aAdministrative law | |
| 250 | _a4th ed. | ||
| 260 |
_aAllahabad _bCentral Law Agency _c2001 |
||
| 300 | _a464 p. | ||
| 942 | _cBK | ||
| 999 |
_c115414 _d115414 |
||